书目信息 |
| 题名: |
《周易音义》集成
|
|
| 作者: | 陆德明, 著 ;郭彧, 整理 | |
| 分册: | ||
| 出版信息: | 北京 华龄出版社 2019.01 |
|
| 页数: | 297页 | |
| 开本: | 24cm | |
| 丛书名: | 周易研究经典丛书 | |
| 单 册: | ||
| 中图分类: | B221.5 | |
| 科图分类: | ||
| 主题词: | 先秦哲学--xian qin zhe xue | |
| 电子资源: | ||
| ISBN: | 978-7-5169-1339-0 | |
| 000 | 01193nam 2200277 450 | |
| 001 | CAL 0120192788705 | |
| 005 | 20230217093111.0 | |
| 010 | @a978-7-5169-1339-0@dCNY58.00 | |
| 100 | @a20190624d2019 em y0chiy0120 ea | |
| 101 | 0 | @achi |
| 102 | @aCN@b110000 | |
| 105 | @ay z 000yy | |
| 106 | @ar | |
| 200 | 1 | @a《周易音义》集成@A《 zhou yi yin yi 》 ji cheng@f(唐) 陆德明著@g郭彧整理 |
| 210 | @a北京@c华龄出版社@d2019.01 | |
| 215 | @a297页@d24cm | |
| 225 | 2 | @a周易研究经典丛书@Azhou yi yan jiu jing dian cong shu@h第一辑@v3 |
| 330 | @a唐陆元朗撰。先唐《易》注, 传世者少。唐陆德明《周易音义》尚可窥观一二, 亦可谓吉光片羽。是书所采凡子夏、京房、荀爽、郑玄等四十余家音义。撰集五典、《孝经》、《论语》及《老》、《庄》、《尔雅》等音, 古今并录, 经注毕详, 训义兼辩, 示传一家之学。郭彧先生深入研究, 该书汇集其做的敦煌整理本、宋刻本及其用现代拼音进行的注音本, 可以互相参照对比。 | |
| 410 | 0 | @12001 @a周易研究经典丛书@h第一辑@v3 |
| 605 | @a周易@Azhou yi@x研究 | |
| 606 | 0 | @a先秦哲学@Axian qin zhe xue |
| 690 | @aB221.5@v5 | |
| 701 | 0 | @a陆德明,@Alu de ming@f唐代@4著 |
| 702 | 0 | @a郭彧,@Aguo yu@f1941-@4整理 |
| 801 | 0 | @aCN@bBJXHZP@c20230222 |
| 905 | @b1393268-71@dB221.5@e1041@f4 | |
| 《周易音义》集成/(唐) 陆德明著/郭彧整理.-北京:华龄出版社,2019.01 |
| 297页;24cm.-(周易研究经典丛书.第一辑;3) |
| ISBN 978-7-5169-1339-0:CNY58.00 |
| 唐陆元朗撰。先唐《易》注, 传世者少。唐陆德明《周易音义》尚可窥观一二, 亦可谓吉光片羽。是书所采凡子夏、京房、荀爽、郑玄等四十余家音义。撰集五典、《孝经》、《论语》及《老》、《庄》、《尔雅》等音, 古今并录, 经注毕详, 训义兼辩, 示传一家之学。郭彧先生深入研究, 该书汇集其做的敦煌整理本、宋刻本及其用现代拼音进行的注音本, 可以互相参照对比。 |
| ● |
| 相关链接 |
|
|
|
|
正题名:《周易音义》集成
索取号:B221.5/1041
 
预约/预借
| 序号 | 登录号 | 条形码 | 馆藏地/架位号 | 状态 | 备注 |
| 1 | 1393268 | 213932681 | 第一样本阅览室/ [索取号:B221.5/1041] | 在馆 | |
| 2 | 1393269 | 213932690 | 第一借阅区/ [索取号:B221.5/1041] | 在馆 | |
| 3 | 1393270 | 213932707 | 第一借阅区/ [索取号:B221.5/1041] | 在馆 | |
| 4 | 1393271 | 213932716 | 第一借阅区/ [索取号:B221.5/1041] | 在馆 |